Nommez les sept mers - nommez les mers classiques d'un passé lointain - Statistiques

Statistiques générales
  • Ce quiz a été pris 27 fois
  • Le résultat moyen est 4 sur 7
Statistiques - réponses
Réponse % Correct
Mer Noire
82%
Mer Méditerranée
73%
Mer Rouge
73%
Mer Adriatique
59%
Mer Caspienne
45%
Golfe Persique
18%
Mer d'Oman
0%
Aucun quiz correspondant
Distribution des résultats
% des personnes avec chaque résultat
Percentile par nombre de réponses
Votre historique - résultats
Vous n’avez pas pris ce quiz